00545nam a22001457a 4500040000900000082001200009100008200021110004900103245004700152260004300199650002400242942001200266999001900278952010200297 cNUST a220 PRO aNC Umer Sarfaraz PC Hamza Imtiaz NC Abdullah Rizwan GC Khubaib Ahmed 9103567 aProject Supervisor: Dr. Shahzor Ahmed986238 aPR-SOF-2186-Detection of Defects In Fabric aIslamabad:bNUST College of EME,c2022 aDE-ELECT-409103514 2ddccPR c592482d592482 00102ddc4070aCEMEbCEMEcREFd2022-11-25l0o220 PROpPR-SOF-2186r2022-11-25w2022-11-25yPR